| 000 | 00823nam a2200337 a 4500 | ||
|---|---|---|---|
| 003 | AR-BaBNM | ||
| 005 | 20251128203021.0 | ||
| 008 | 082120s2002 ||||||||||||||000 | spa|| | ||
| 040 | _cAR-BaBNM | ||
| 100 | 1 | _aSeignobos, Charles | |
| 245 | 0 | 0 |
_aHistoria universal _bhistoria moderna desde 1715 a 1815. 5 |
| 260 |
_aBuenos Aires _bAnauta _c1963 |
||
| 300 |
_a393 p. _bláms., il., mapas |
||
| 650 | 4 | _aHISTORIA | |
| 650 | 4 | _aECONOMIA | |
| 650 | 4 | _aDERECHO | |
| 650 | 4 | _aRELIGION | |
| 650 | 4 | _aSOCIEDAD | |
| 650 | 4 | _aCIENCIAS POLITICAS | |
| 650 | 4 | _aIGLESIA | |
| 650 | 4 | _aPOLITICA EXTERIOR | |
| 650 | 4 | _aARTE | |
| 650 | 4 | _aLITERATURA | |
| 650 | 4 | _aTEATRO | |
| 650 | 4 | _aHISTORIA EUROPEA | |
| 650 | 4 | _aREVOLUCION | |
| 650 | 4 | _aCAMBIO SOCIAL | |
| 700 | 1 | _aMetin, A. | |
| 942 | _cBK | ||
| 998 | _cmariana | ||
| 999 |
_c1530 _d1530 |
||